000 01213nam a2200265 a 4500
999 _c446962
_d446962
003 BLK
005 20230808085551.0
008 220302b bu |||||r|||| 00| | bu d
040 _aBLK
041 _aBUL
_cBUL
080 _aАвтомобилен спорт
_b796.71
_x(062)
_z796.71(062)
139 _bА 22
245 _aАвтомобилно състезание на писта "Приста - 89"
_bII кръг от републиканския шампионат : Русе, 17-18 юни 1989 : Програма
_h[Малотир. изд.]
260 _9441842
_aРусе
_bб. и.
_c1989
300 _a9 с.
_c21 см
380 _a79
500 _aОрганизатори : Българска федерация по автомобилен спорт - София; Съюз на българските автомобилисти - Общински съвет - Русе; ДФ "Мототехника" - поделение Русе
653 7 _9180353
_aавтомобилен спорт
653 7 _9197888
_aсъстезания
852 _cК 796/799/А 22
942 _cKNG
_n0
_s1
_01
944 _aCR
_c2022-03-02
_k30570
_lМоника Янева
999 _d446962
999 _d446962